| 000 | 01203nam a2200229Ia 4500 | ||
|---|---|---|---|
| 999 |
_c36745 _d36745 |
||
| 001 | 2682 | ||
| 003 | GE_BSU | ||
| 005 | 20221128105706.0 | ||
| 008 | 181216s2010||||ge |||||||||||||| ||geo|| | ||
| 020 | _a198-6238 | ||
| 040 | _cGE_BSU | ||
| 041 | _ageo | ||
| 080 | _a159.9 ს–323 | ||
| 245 |
_aსაქართველოს ფსიქოლოგიის მაცნე : _b2010. N 1 / _cდიმიტრი უზნაძის ფსიქოლოგიის ინსტიტუტი; ილიას სახელმწიფო უნივერსიტეტი; სარედაქციო საბჭო: ირაკლი იმედაძე, მარინა ბალიაშვილი, ზურაბ ვახანია. |
||
| 264 |
_aთბლისი, _c2010. |
||
| 300 |
_a207 გვ.; _b29 სმ. |
||
| 653 | _aფსიქოლოგია | ||
| 700 |
_aიმედაძე, ირაკლი _eრედაქტორი _95687 |
||
| 700 |
_aბალიაშვილი, მარინა _eრედაქტორი _92793 |
||
| 700 |
_aვახანია, ზურაბ _eრედაქტორი _913043 |
||
| 942 |
_cBK _2udc |
||